Corporate Tax Gap - Challenge or Threat (The Case of the Slovak Republic)

Poskytnutie teoretického a praktického pohľadu na výpočet daňovej medzery z príjmov právnických osôb a ponúknutie odhadov aktuálnych hodnôt tohto ukazovateľa.

Salvato in:
Dettagli Bibliografici
Autore principale: Kušnírová, Jana, 1977-
Natura: Capitolo di libro
Lingua:inglese
Soggetti:
Tags: Aggiungi Tag
Nessun Tag, puoi essere il primo ad aggiungerne!!

MARC

LEADER 00000naa$a2200000$$$4500
001 0314154
005 20260120091403.4
041 0 |a eng 
044 |a SK 
245 1 0 |a Corporate Tax Gap - Challenge or Threat (The Case of the Slovak Republic)  |c Jana Kušnírová 
520 |a Poskytnutie teoretického a praktického pohľadu na výpočet daňovej medzery z príjmov právnických osôb a ponúknutie odhadov aktuálnych hodnôt tohto ukazovateľa. 
610 2 0 |a dane z príjmov 
610 2 0 |a osoby právnické 
610 2 0 |a dane 
610 2 0 |a výber daní 
610 2 0 |a Slovensko 
100 1 |a Kušnírová, Jana, 1977-